| 000 | 02360cam a2200565 i 4500 | ||
|---|---|---|---|
| 001 | xx004670456 | ||
| 003 | NUKAT | ||
| 005 | 20260416113120.0 | ||
| 008 | 190723s2019 pl |001 0 pol c | ||
| 020 |
_a9788380986237 _q(oprawa twarda) : _czł 30,00 |
||
| 035 | _a(OCoLC)1111747421 | ||
| 035 | _a(NUKAT)xx004670456 | ||
| 040 |
_aWR U/hp _bpol _erda _cWR U/hp _dWR U/ms _dKAT U/AWs _dWA 14/PTs _dOLSZT 008/bak |
||
| 041 | 0 |
_apol _beng |
|
| 045 | 2 |
_bd1939 _bd1989 |
|
| 046 | _k2019 | ||
| 245 | 0 | 0 |
_aZ dziejów polskiej emigracji politycznej po 1939 roku : _bludzie, struktury, idee / _cpod redakcją Patryka Pleskota ; Instytut Pamięci Narodowej. Komisja Ścigania Zbrodni przeciwko Narodowi Polskiemu. |
| 260 |
_aWarszawa : _bInstytut Pamięci Narodowej. Komisja Ścigania Zbrodni przeciwko Narodowi Polskiemu, _c2019. |
||
| 300 |
_a461, [1] strona ; _c21 cm. |
||
| 336 |
_aTekst _btxt _2rdacontent |
||
| 337 |
_aBez urządzenia pośredniczącego _bn _2rdamedia |
||
| 338 |
_aWolumin _bnc _2rdacarrier |
||
| 380 | _aKsiążki | ||
| 380 | _aPublikacje naukowe | ||
| 385 | _aHistorycy | ||
| 385 | _aPolitolodzy | ||
| 388 | 1 | _a2001- | |
| 490 | 1 | _aCentralny Projekt Badawczy IPN Polska emigracja niepodległościowa 1945-1990 | |
| 504 | _aBibliografia przy artykułach. Indeks. | ||
| 546 | _aStreszczenia artykułów w języku angielskim. | ||
| 648 | 7 |
_a1901-2000 _2DBN _934996 |
|
| 648 | 7 |
_a1939-1945 _2DBN _936042 |
|
| 648 | 7 |
_a1945-1989 _2DBN _936043 |
|
| 650 | 7 |
_aPolacy _zza granicą _xpolityka i rządy _y1945-1990. _2kaba _940154 |
|
| 650 | 7 |
_aII wojna światowa (1939-1945) _2DBN _935099 |
|
| 650 | 7 |
_aEmigracja polityczna _2DBN _937405 |
|
| 650 | 7 |
_aPolacy za granicą _2DBN _935953 |
|
| 650 | 7 |
_aPRL _2DBN _935084 |
|
| 651 | 7 |
_aPolska _xemigracja i imigracja _y1945-1990. _2kaba _914129 |
|
| 651 | 7 |
_aPolska _2DBN _935076 |
|
| 651 | 7 |
_aŚwiat _2DBN _939403 |
|
| 655 | 7 |
_aPraca zbiorowa _2DBN _935107 |
|
| 658 | _aHistoria | ||
| 658 | _aPolityka, politologia, administracja publiczna | ||
| 700 | 1 |
_aPleskot, Patryk _d(1980- ). _eRedakcja _914500 |
|
| 710 | 2 |
_aInstytut Pamięci Narodowej - Komisja Ścigania Zbrodni przeciwko Narodowi Polskiemu. _eInstytucja sprawcza _eWydawca _4pbl _911792 |
|
| 830 | 0 |
_aPolska Emigracja Niepodległościowa 1945-1990 _939546 |
|
| 920 | _a978-83-8098-623-7 (oprawa twarda) : zł 30,00 | ||
| 942 |
_2ddc _cBK_NM |
||
| 999 |
_c27609 _d27609 |
||